<?xml version="1.0" encoding="UTF-8"?>
<record
    xmlns:xsi="http://www.w3.org/2001/XMLSchema-instance"
    xsi:schemaLocation="http://www.loc.gov/MARC21/slim http://www.loc.gov/standards/marcxml/schema/MARC21slim.xsd"
    xmlns="http://www.loc.gov/MARC21/slim">

  <leader>02126nam a22002057a 4500</leader>
  <controlfield tag="005">20260129113637.0</controlfield>
  <controlfield tag="008">230420b           ||||| |||| 00| 0 eng d</controlfield>
  <datafield tag="020" ind1=" " ind2=" ">
    <subfield code="a">9781402269820</subfield>
  </datafield>
  <datafield tag="040" ind1=" " ind2=" ">
    <subfield code="c">AL</subfield>
  </datafield>
  <datafield tag="041" ind1=" " ind2=" ">
    <subfield code="a">English</subfield>
  </datafield>
  <datafield tag="082" ind1=" " ind2=" ">
    <subfield code="2">23</subfield>
    <subfield code="a">813.6</subfield>
    <subfield code="b">KENE</subfield>
  </datafield>
  <datafield tag="100" ind1=" " ind2=" ">
    <subfield code="a">Kathryne Kennedy</subfield>
    <subfield code="9">253095</subfield>
  </datafield>
  <datafield tag="245" ind1=" " ind2=" ">
    <subfield code="a">Enchanting the lady</subfield>
  </datafield>
  <datafield tag="260" ind1=" " ind2=" ">
    <subfield code="b">Sourcebooks Inc</subfield>
    <subfield code="c">2012</subfield>
  </datafield>
  <datafield tag="300" ind1=" " ind2=" ">
    <subfield code="a">311 p.</subfield>
    <subfield code="b">PB</subfield>
    <subfield code="c">17x11 cm.</subfield>
  </datafield>
  <datafield tag="520" ind1=" " ind2=" ">
    <subfield code="a">Historical Romance Meets Fairy Tale Magic In a Victorian England with a rigid hierarchy of magic, lion shape-shifter Sir Terence Blackwell is at the bottom rung of society. Only Lady Felicity Seymour, who has no magic, no inheritance, and no prospects, may be willing to judge the man strictly on his own merits. When family pressures push Lady Felicity into a terrible fate, she has only Sir Terence to turn to. As the two outcasts are propelled by circumstances beyond their control, they are forced to explore the unseen depths beneath society's facade. And what they discover about each other is more real and more beautiful than they ever could have imagined... A unique combination of historical and fantasy romance, Enchanting the Lady will fascinate readers of Karen Monin, Sherrilyn Kenyon, Kresley Cole, and Diane Duval who will be charmed by this light-hearted, powerful mix of romance, history, magic, secrets, and spies. The Relics of Merlin Historical Fantasy Romance Series: Enchanting the Lady (Book 1) Double Enchantment (Book 2) Enchanting the Beast (Book 3) Everlasting Enchantment (Book 4) What people are saying about Kathryne Kennedy "As darkly imaginative as Tolkien, as richly romantic as Heyer, Kennedy carves a new genre in romantic fiction."-Erin Quinn, author of Haunting Warrior "[Kennedy] has created characters that live and breathe between the pages; a talent which is, in my opinion, a hallmark of skilled storytelling."-Fresh Fiction "Ms. Kennedy's a pro at creating memorable characters, comical situations, a fun dialog, and an endearing love story."-Sia McKye's Thoughts Over Coffee</subfield>
  </datafield>
  <datafield tag="650" ind1=" " ind2=" ">
    <subfield code="a">England London</subfield>
    <subfield code="9">90728</subfield>
  </datafield>
  <datafield tag="650" ind1=" " ind2=" ">
    <subfield code="a">Fiction</subfield>
    <subfield code="9">90729</subfield>
  </datafield>
  <datafield tag="942" ind1=" " ind2=" ">
    <subfield code="2">ddc</subfield>
    <subfield code="c">DB</subfield>
  </datafield>
  <datafield tag="999" ind1=" " ind2=" ">
    <subfield code="c">227216</subfield>
    <subfield code="d">227216</subfield>
  </datafield>
  <datafield tag="952" ind1=" " ind2=" ">
    <subfield code="0">0</subfield>
    <subfield code="1">0</subfield>
    <subfield code="2">ddc</subfield>
    <subfield code="4">0</subfield>
    <subfield code="7">0</subfield>
    <subfield code="8">ENG</subfield>
    <subfield code="a">AL</subfield>
    <subfield code="b">AL</subfield>
    <subfield code="d">2023-04-19</subfield>
    <subfield code="g">654.00</subfield>
    <subfield code="l">3</subfield>
    <subfield code="m">1</subfield>
    <subfield code="o">813.6 KENE</subfield>
    <subfield code="p">D04888</subfield>
    <subfield code="r">2025-01-02 00:00:00</subfield>
    <subfield code="s">2024-12-16</subfield>
    <subfield code="v">654.00</subfield>
    <subfield code="w">2023-04-20</subfield>
    <subfield code="y">DB</subfield>
  </datafield>
</record>
